| 000 | 00415nam a22001817a 4500 | ||
|---|---|---|---|
| 999 |
_c533041 _d533041 |
||
| 003 | NUST | ||
| 005 | 20191211104730.0 | ||
| 020 | _a0-07-085805-5 | ||
| 038 | _aMSOHAIL | ||
| 082 | _a531.382 TIM | ||
| 100 |
_aGOODIER, J.N TIMOSHENKO, S.P _926730 |
||
| 245 | _aTHEORY OF ELASTICITY | ||
| 250 | _a3RD | ||
| 260 |
_aLONDON _bMCGRAW HILL _c1970 |
||
| 300 | _a567P | ||
| 650 |
_aELASTICITY _910835 |
||
| 942 |
_cBK _2ddc |
||